| 000 | 01681nam0a2200361 4500 | ||
|---|---|---|---|
| 001 | RU\NLR\BIBL_A\022705970 | ||
| 005 | 20260402163722.0 | ||
| 010 |
_a978-5-6052826-9-3 _92000 |
||
| 021 |
_aRU _bКН-П-25-070902 _9КН-П-25-6864 |
||
| 035 | _a(NLR Aleph) 022705970 | ||
| 090 |
_a13649822 _c13649822 |
||
| 100 | _a20260121d2025 u y0rusy50 ca | ||
| 101 | 1 |
_arus _cita |
|
| 102 | _aRU | ||
| 105 | _aa t 000ad | ||
| 181 | 0 |
_ai3 _baxxe |
|
| 181 | 0 |
_ab2 _bxb2e |
|
| 182 | 0 | _an | |
| 200 | 1 |
_aКомета над Аннапурной _e[трагедия Анатолия Букреева и Дмитрия Соболева] _fСимоне Моро _gперевод с итальянского М. Олейник |
|
| 203 |
_aТекст _aИзображение _bвизуальные _cнепосредственные |
||
| 210 |
_aМосква _cБиблиотека Спорт-Марафон _cЭкипцентр _d2025 |
||
| 215 |
_a157, [2] с., [8] л. цв. ил., портр. _cил. _d22 |
||
| 600 | 1 |
_aБукреев _bА. Н. _f1958 - 1997 _gАнатолий Николаевич _92391897 _3RU\NLR\AUTH\6601646724 |
|
| 600 | 1 |
_aСоболев _bД. А. _f1961 - 1997 _gДмитрий Александрович _92702023 _3RU\NLR\AUTH\6601768022 |
|
| 607 |
_aАннапурна, гора (Гималаи, горная система) _xВосхождения _92702253 _3RU\NLR\AUTH\6601768140 |
||
| 686 | 1 | _aЧ518.23(2)7-8Букреев | |
| 686 | 1 | _aЧ518.23(2)7-8Соболев | |
| 686 | 1 | _aЧ518.215Аннапурна | |
| 700 | 1 |
_aМоро _bС. _f1967- _gСимоне |
|
| 942 | _cBOOK | ||
| 980 | _aNB | ||